| 000 | 01998nam0a2200373 i 4500 | ||
|---|---|---|---|
| 001 | RU\NLR\BIBL_A\010005753 | ||
| 005 | 20240921202619.0 | ||
| 010 |
_a9785321022702 _9100 |
||
| 021 |
_aRU _b2013-81404 _95624 |
||
| 035 | _a(NILC)RuMoRGB-006678921 | ||
| 035 | _a(NLR Aleph) 010005753 | ||
| 090 |
_a9823959 _c9823959 |
||
| 100 | _a20131120d2013 km y0rusy50 ca | ||
| 101 | 0 | _arus | |
| 102 | _aRU | ||
| 105 | _aa|||j|||000yy | ||
| 200 | 1 |
_aХимия минеральных вяжущих материалов _eучебное пособие для студентов, обучающихся по направлению подготовки магистров 270800.68 "Строительство" всех форм обучения _fФ. Л. Капустин, И. С. Семериков _gпод общ. ред. д.т.н., проф. Ф. Л. Капустина _gМ-во образования и науки Рос. Федерации, Уральский федер. ун-т им. первого Президента России Б. Н. Ельцина, [Ин-т материаловедения и металлургии] |
|
| 205 | _a2-е изд., перераб. и доп. | ||
| 210 |
_aЕкатеринбург _cУрФУ _d2013 |
||
| 215 |
_a123 с. _cил. _d21 |
||
| 313 | _a1-го в ГАК нет | ||
| 320 | _aБиблиогр.: с. 123 (8 назв.) | ||
| 606 |
_aВяжущие строительные материалы _jУчебные издания для высших учебных заведений _xХимия _91324305 _3RU\NLR\AUTH\66234873 |
||
| 675 | _a666.96(075.8) | ||
| 686 | 1 | _aЛ45-1я73-1 | |
| 700 | 1 |
_aКапустин _bФ. Л. _gФедор Леонидович _4070 _4340 |
|
| 701 | 1 |
_aСемериков _bИ. С. _gИван Савельевич |
|
| 801 | 0 |
_aRU _bRuMoRKP _c20131014 _gRCR |
|
| 801 | 2 |
_aRU _bРГБ _c20131023 _grcr |
|
| 801 | 1 |
_aRU _bRuMoRKP _c20131014 _2rusmarc |
|
| 942 | _cBOOK | ||
| 980 | _aNBR | ||